000 00437nam a2200157 i 4500
001 59601
003 ES-MaACL
005 20230906164050.0
007 t|
008 031029s1934 ag ||||1| spa d
100 1 _aElizagaray de Cardahi, Lara.
_947003
245 1 0 _aNoche intermedia /
_cLara Elizagaray de Cardahi.
260 _aBuenos Aires :
_b[s.n.],
_c1934 (
_fA. Plantie)
300 _a80 p. ;
_c24 cm.
852 _aES-MaACL
_jA-1924
999 _c59601
_d59601